[Event "FIDE-Wch k.o."]
[Site "Moscow"]
[Date "2001.11.30"]
[Round "2.2"]
[White "Lautier, Joel"]
[Black "Shipov, Sergei"]
[Result "1/2-1/2"]
[WhiteElo "2653"]
[BlackElo "2625"]
[Annotator "Lautier,J"]
[PlyCount "151"]
[EventDate "2001.11.27"]
[EventType "k.o."]
[EventRounds "7"]
[EventCountry "RUS"]
[SourceTitle "EXT 2003"]
[Source "ChessBase"]
[SourceDate "2002.11.25"]
[SourceVersion "1"]
[SourceVersionDate "2002.11.25"]
[SourceQuality "1"]

1. d4 {Krasenkow} Nf6 2. c4 g6 3. Nc3 d5 4. cxd5 Nxd5 5. e4 Nxc3 6. bxc3 Bg7 7.
Nf3 c5 8. Rb1 O-O 9. Be2 cxd4 10. cxd4 Qa5+ 11. Bd2 Qxa2 12. O-O Bg4 13. Be3
Nc6 14. d5 Na5 15. Bg5 Qa3 16. Re1 $1 $146 {/\ e5 Krasenkow: 'A very logical
move.'} (16. Bd2 {(Krasenkow) used to be the main line, examined in CBM 69 and
72}) 16... Bxf3 (16... Bc3 $6 17. Qd3 $1) (16... Rfd8 17. e5 $14) 17. Bxf3 Qd6
(17... Be5 18. Bd2 $14) 18. Qe2 Be5 19. g3 b6 20. Bg4 {>< c8} (20. Bg2 $5 Rac8
21. f4 Bc3 (21... Bd4+ 22. Kh1 Rc3 23. e5 Qc5 24. Qg4 $36 {/\ Qd7, /\ f5}) 22.
Red1 Nc4 23. Kh1 $14) 20... Nb7 21. Rbd1 {Krasenkow: 'In the tie-break game
Joel Lautier immediately started the attack in the centre and obtained an
advantage:'} (21. Qe3 $5 Nc5 22. f4 Bg7 23. e5 Qc7 (23... Qxd5 24. Bxe7 $16)
24. Rbd1 $36) (21. f4 $5 {Krasenkow} Bf6 22. Bxf6 (22. Bh6 {Krasenkow} Bg7 23.
Bxg7 Kxg7 24. Bf3 {/\e5 is interesting, too}) 22... exf6 23. Bf3 Nc5 24. e5
fxe5 25. fxe5 Qd7 26. Rb4 a5 27. Rf4 a4 28. d6 a3 (28... Ra5 $5 {(Krasenkow)
to prevent Bf3-d5}) 29. Bd5 Ne6 30. Rf6 Qa4 31. Qa2 Qd4+ 32. Kg2 Rae8 33. Re2 (
33. Ref1 $142 $1 {Krasenkow} Qxe5 $140 34. d7 $18) 33... Nd8 $6 (33... Kg7 $142
{Krasenkow}) 34. Rf4 Qd3 $6 (34... Qc3 $142 {Krasenkow} 35. Rf3 Qd4) 35. Ra4 {
recapturing the pawn and gradually winning the game:} Ne6 36. Rxa3 Qd4 37. Ra7
b5 38. Re7 Qg4 39. Re4 Qf5 40. Qa7 Rxe7 41. dxe7 Re8 42. Bc6 Ng5 43. Re2 Qg4
44. Rf2 Qe6 45. Bxe8 Qd5+ 46. Kg1 Nh3+ 47. Kf1 {1-0 Lautier,J-Shipov,S/Moscow
2001/CBM 86 (47).}) 21... a5 22. Qc2 $1 {'?!' Krasenkow.} (22. f4 $6 Bc3 (22...
Bf6 $13 {Krasenkow}) 23. Rf1 a4 $15) {Krasenkow: The text move prevents both
bishop retreats but it is too slow!} 22... a4 $6 (22... Bg7 23. Bf4 (23. f4 f6
24. Bh4 Qc5+ 25. Qxc5 Nxc5 26. e5 a4 $36) 23... Qc5 24. Qb1 $44) 23. f4 Bg7 24.
e5 Qb4 25. Qc7 $1 $16 (25. Rb1 $6 {Krasenkow} Qd4+ 26. Qf2 Qxf2+ 27. Kxf2 f6 $1
) (25. Re4 $6 {Krasenkow} Qc5+ 26. Qxc5 Nxc5 {and the e4 rook is attacked})
25... f6 $8 {'!' Krasenkow.} 26. exf6 $4 (26. Bxf6 $2 exf6 27. Qxb7 fxe5 28.
Be6+ Kh8 29. fxe5 Qb2 $17) (26. Qxb7 $2 fxg5 27. d6 exd6 28. exd6 gxf4 29. Re7
Qc3 $15) (26. d6 $1 fxg5 (26... Nxd6 $2 27. exd6 fxg5 28. dxe7 Rfe8 29. Be6+
Kh8 30. Bf7 $18) 27. dxe7 Rfe8 (27... Rfb8 $2 28. Bf3 (28. Be6+ $2 Kh8 29. Qxb7
Qxe1+ 30. Rxe1 Rxb7 31. Bd5 Rxe7 32. Bxa8 gxf4 33. gxf4 a3 34. Bd5 $17) 28...
Re8 29. Qxb7 Qc5+ (29... Rac8 30. Qxc8 $18) 30. Kg2 Rac8 31. Rc1 $18) 28. Qxb7
Qxe7 (28... gxf4 29. Qxa8 Rxa8 (29... Qxe1+ 30. Rxe1 Rxa8 31. Be6+ Kh8 32. Rd1
$18) 30. Be6+ Kh8 31. Rd8+ Bf8 32. exf8=Q+ Qxf8 33. Rxf8+ Rxf8 34. Bd7 $18) 29.
Rd7 Qf8 30. Rc1 Rad8 31. e6 $16 (31. Rcc7 Rxd7 32. Bxd7 Rb8 33. Qa7 Ra8 $132))
(26. Bh4 {Krasenkow} Qc5+ {as the e7 pawn is not hanging anymore}) 26... exf6
$17 27. Qxb7 (27. Re7 $2 Qc5+ $17) 27... fxg5 {Krasenkow: 'Black has now
better prospects as his a4 pawn is extremely dangerous. White must urgently
look for counterplay.'} 28. Re7 Qc3 29. Rde1 $2 {/\ R1e5 '!' Krasenkow.} (29.
Rc7 Qb2 30. Rd2 {Krasenkow: 'is insufficient in view of'} Qf6 (30... Qa1+ 31.
Rd1 Qb2 $11) 31. Bc8 {'!?' Krasenkow.} (31. d6 gxf4 32. gxf4 Kh8 $17) 31... Ra5
32. Be6+ Kh8 33. Qxb6 Raa8 $17) 29... Rab8 $2 {'!' Krasenkow.} (29... gxf4 30.
Rxg7+ {'!' Krasenkow.} (30. R1e5 Qa1+ 31. Re1 (31. Kg2 f3+ 32. Bxf3 Bxe5 $19)
31... Qd4+ $19) (30. gxf4 Kh8 31. R1e5 (31. R1e3 Qd4 $19) 31... Qd4+ $19) 30...
Qxg7 31. Re7 {Krasenkow: 'and a forced line'} Qa1+ (31... Qh6 {Krasenkow} 32.
Qxb6 Qg5 33. Qb7 $1 Qh6 34. Be6+ Kh8 35. Qb2+ $18) 32. Kg2 f3+ 33. Bxf3 (33.
Kh3 Qf1+ 34. Kh4 g5+ 35. Kh5 {'!' Krasenkow.} (35. Kxg5 Qc1+ 36. Kh5 Qc2 $19)
35... Qb1 $19 36. Qc6 Qg6+ 37. Qxg6+ hxg6+ 38. Kxg6 Rfd8 39. Be6+ Kf8 40. Rf7+
Ke8 41. Kf6 f2 42. Re7+ Kf8 43. Rf7+ {leads to a perpetual check.}) 33... Rab8
34. Qd7 Qf6 $19) 30. Qd7 Rbd8 (30... Kh8 $4 31. Rxg7 $1 Qxg7 32. Re7 Qd4+ 33.
Kg2 $18) (30... gxf4 $4 31. Rxg7+ $1 Qxg7 32. Re7 Qa1+ 33. Kg2 f3+ 34. Kh3 Qf1+
35. Kh4 g5+ 36. Kh5 Qb1 37. Qe6+ Kh8 38. Qe5+ $18) 31. Qxa4 $8 (31. Qb7 $2 gxf4
$19) 31... gxf4 32. gxf4 Qc5+ (32... Kh8 $1 $17 {/\ Rd5, >< Kg1}) 33. Kg2 Qxd5+
{Krasenkow: 'Black has parried White's threats and, with an extra pawn, has
good winning chances.'} 34. Bf3 Qd2+ (34... Qc5 $5 {(Krasenkow) was
interesting, keeping the queens, as the white king is poorly protected.} 35.
Qa7 Rd2+ 36. R1e2 Rxe2+ 37. Bxe2 Qd5+ 38. Bf3 Qd2+ 39. Kh3 Qc3 40. Kg2 b5 $17 (
{or} 40... Rxf4 {Krasenkow})) 35. R1e2 Qxf4 36. Qxf4 Rxf4 37. Rb7 Rf6 {'?'
Krasenkow.} (37... Rd6 $142 {(Krasenkow) although it is not easy for Black to
win as the white rooks are very active. In "eternal" time-trouble the result
of the game becomes a lottery. By the way,} 38. Ree7 Bf8 39. Rxh7 $2 {doesn't
work in view of} Rd2+ 40. Kg3 Bd6 $1 $19) 38. Bg4 Bf8 $2 $138 {'?' Krasenkow.}
(38... Rdd6 39. Re8+ (39. Ree7 {Krasenkow} Bf8 40. Rxh7 {is possible now.})
39... Bf8 40. Be2 Rc6 $36) 39. Be6+ Kh8 40. Rxb6 $11 {Krasenkow: 'White now
shouldn't lose.'} Re8 41. Rc6 Kg7 42. Re4 Rd8 43. Rc7+ Kh8 44. Bc4 Rd2+ 45. Re2
Rd4 46. h3 h5 47. Rf2 Rxf2+ 48. Kxf2 Rd6 49. Be2 Bg7 50. Bf3 Rd2+ 51. Kf1 Rd4 (
51... Bd4 {Krasenkow} 52. Be4) 52. Rc6 Kh7 53. Re6 Rf4 54. Kg2 Rf8 55. Be4 Bf6
56. Ra6 Kg7 57. Ra7+ Kh6 58. Ra6 Rf7 59. Rb6 Re7 60. Kf3 Rf7 61. Kg2 Rf8 62.
Ra6 h4 63. Rb6 Re8 64. Kf3 Kg5 65. Ra6 Rb8 66. Ra5+ Kh6 67. Rd5 Rb6 68. Bd3 Bg5
69. Ra5 Rf6+ 70. Kg2 Rd6 71. Be4 Rd2+ 72. Kf1 Rd1+ 73. Kf2 Be7 74. Ra6 Bc5+ 75.
Ke2 Rg1 76. Rxg6+ $1 1/2-1/2

[Event "FIDE-Wch k.o."]
[Site "Moscow"]
[Date "2001.11.30"]
[Round "2.3"]
[White "Lautier, Joel"]
[Black "Shipov, Sergei"]
[Result "1-0"]
[WhiteElo "2653"]
[BlackElo "2625"]
[Annotator "Lautier,J"]
[PlyCount "93"]
[EventDate "2001.11.27"]
[EventType "k.o."]
[EventRounds "7"]
[EventCountry "RUS"]
[SourceTitle "EXT 2003"]
[Source "ChessBase"]
[SourceDate "2002.11.25"]
[SourceVersion "1"]
[SourceVersionDate "2002.11.25"]
[SourceQuality "1"]

1. d4 Nf6 2. c4 g6 3. Nc3 d5 4. cxd5 Nxd5 5. e4 Nxc3 6. bxc3 Bg7 7. Nf3 c5 8.
Rb1 O-O 9. Be2 cxd4 10. cxd4 Qa5+ 11. Bd2 Qxa2 12. O-O Bg4 13. Be3 Nc6 14. d5
Na5 15. Bg5 Qa3 16. Re1 $1 Bxf3 17. Bxf3 Qd6 18. Qe2 Be5 19. g3 b6 20. Bg4 Nb7
21. f4 $5 $146 Bf6 (21... Bd4+ $6 22. Kh1 a5 (22... Nc5 23. Red1 (23. Rbd1 Bc3
24. e5 Qc7 25. Rf1 $16) 23... Bg7 24. e5 Qd8 25. d6 $16) 23. e5 Qxd5+ (23...
Qc7 24. Rbc1 Bc5 25. f5 $16) 24. Bf3 Qd7 25. Red1 Rab8 26. e6 fxe6 27. Qc4 Rbd8
28. Rxd4 Qxd4 29. Qxe6+ $16) 22. Bxf6 (22. e5 Qc5+ 23. Kh1 Bxg5 24. fxg5 Qxd5+
25. Bf3 Qd7 26. Red1 Qc7 27. Rbc1 Nc5 28. Bxa8 Rxa8 $13) 22... exf6 (22... Qxf6
$6 23. e5 Qg7 24. Bf3 Nc5 25. Qa2 $36 {/\ d6}) 23. Bf3 Nc5 (23... Rae8 24. Qa6
(24. e5 fxe5 25. fxe5 Qc5+ 26. Kg2 f6 27. e6 $36) 24... Nc5 25. Qxa7 Nd3 26.
Re2 $16) 24. e5 fxe5 25. fxe5 Qd7 26. Rb4 $5 {/\ Rf4->} a5 (26... Rae8 27. Rf4
f6 28. e6 Qd6 $14) 27. Rf4 (27. Rxb6 $2 Qa7 $17) 27... a4 28. d6 a3 $2 (28...
Ra5 29. Qd2 (29. Bd5 Ne6 30. Bxe6 Qxe6 31. Rf6 Qd5 $15) 29... a3 30. Bd5 Ne6
31. Rf6 $14) 29. Bd5 $5 (29. Bxa8 Rxa8 30. Ref1 $1 Qe6 (30... a2 $2 31. Ra1 Qe6
32. Rf2 $18) 31. Rf6 (31. Rxf7 $2 a2 32. Qf3 a1=Q 33. Rf8+ Kg7 34. Rf7+ Kh6 35.
Qf4+ g5 36. Rf6+ Kh5 37. Qf3+ Qg4 38. Rh6+ Kxh6 39. Qf6+ Kh5 40. Qf7+ $11)
31... Qd5 32. Rd1 Qb3 33. Rf3 Qe6 34. Ra1 $16) 29... Ne6 30. Rf6 Qa4 (30... Ra5
31. Qa2 $16) 31. Qa2 $1 $16 Qd4+ 32. Kg2 Rae8 33. Re2 Nd8 34. Rf4 Qd3 35. Ra4 (
35. Rf3 $5 Qd4 36. Re4 Qb2+ (36... Qc5 37. Rxa3) 37. Qxb2 axb2 38. Rb3 $16)
35... Ne6 36. Rxa3 Qd4 37. Ra7 b5 38. Re7 $1 Qg4 (38... Rxe7 39. dxe7 Re8 40.
Bxe6 fxe6 41. Qxe6+ Kg7 42. Rf2 $18) 39. Re4 (39. Rf2 Rxe7 40. dxe7 Re8 41. h3
Qa4 42. Bxe6 $18) 39... Qf5 40. Qa7 $6 $138 (40. g4 $1 Qg5 (40... Nf4+ 41. Kf3
$18) 41. Bxe6 $18) 40... Rxe7 41. dxe7 Re8 {/\ Qg5} 42. Bc6 $1 $18 Ng5 43. Re2
$8 Qg4 (43... Qh3+ 44. Kg1 Qg4 45. Kf1 $1 Qh3+ 46. Ke1 Qf5 47. Qb7 Qb1+ 48. Kf2
Qf5+ 49. Kg2 $18) 44. Rf2 $2 (44. Re3 $2 Qd1 $1 45. Bxe8 Qc2+ $1 (45... Qd2+ $2
46. Kf1 Qd1+ 47. Re1 Qf3+ 48. Qf2 Qh1+ 49. Ke2 Qe4+ 50. Qe3 $18) 46. Kf1 Qf5+
47. Kg1 (47. Ke1 Qb1+ 48. Kd2 Qb2+ 49. Kd3 Qb3+ $11) 47... Qb1+ 48. Kg2 Qc2+
$11) (44. Rd2 $1 Qh3+ (44... Qb4 45. Rd8 Qb2+ 46. Qf2 $18) (44... Qc4 45. Bxe8
Qe4+ 46. Kf1 Qh1+ (46... Qb1+ 47. Ke2 Qe4+ 48. Qe3 $18) 47. Qg1 $18) (44... Kg7
45. Qd7 Qb4 46. Qd6 $1 Qc4 47. Qf6+ Kg8 48. Bd5 $18) 45. Kg1 Qc8 (45... Qf5 46.
Qd7 $1 $18) 46. Qd7 $18) 44... Qe6 $3 45. Bxe8 Qd5+ 46. Kg1 Nh3+ $4 $138 (46...
Qd1+ 47. Rf1 Nh3+ 48. Kg2 Qe2+ 49. Kxh3 (49. Rf2 Nf4+ $1 50. gxf4 Qg4+ 51. Kh1
Qd1+ $11) 49... Qxf1+ 50. Kh4 Qe2 (50... Qf5 $2 51. g4 g5+ 52. Kg3 Qf4+ 53. Kg2
Qxg4+ 54. Kf2 $18) 51. Bxf7+ (51. Kh3 Qf1+ $11) 51... Kxf7 52. e8=Q+ Kxe8 53.
Qb8+ Kf7 54. Qc7+ Ke6 55. Qd6+ Kf5 56. Qd7+ Ke4 $11) 47. Kf1 1-0

[Event "SUI-chT"]
[Site "Switzerland"]
[Date "1995.??.??"]
[Round "6"]
[White "Lautier, Joel"]
[Black "Miralles, Gilles"]
[Result "1-0"]
[WhiteElo "2645"]
[BlackElo "2455"]
[Annotator "Lautier,J"]
[PlyCount "55"]
[EventDate "1995.??.??"]
[EventType "team-tourn"]
[EventRounds "9"]
[EventCountry "SUI"]
[SourceTitle "CBM 049 Extra"]
[Source "ChessBase"]
[SourceDate "1996.01.01"]
[SourceVersion "1"]
[SourceVersionDate "1996.01.01"]
[SourceQuality "1"]

1. d4 Nf6 2. c4 g6 3. Nc3 d5 4. cxd5 Nxd5 5. e4 Nxc3 6. bxc3 Bg7 7. Nf3 O-O 8.
Be2 b6 $6 9. h4 $1 c5 $6 (9... Bb7 10. h5 Bxe4 11. Ng5 Bxg2 12. Rh2 Bd5 13.
hxg6 hxg6 14. Qd3 $40) (9... Bg4 $5) 10. h5 Ba6 (10... cxd4 11. cxd4 Nc6 12.
Be3 Bg4 13. hxg6 hxg6 14. d5 Na5 (14... Bxa1 $2 15. Qxa1 $18) 15. Bd4 $16) 11.
hxg6 hxg6 12. Bh6 $1 Bxh6 $8 (12... Bxe2 $2 13. Kxe2 $1 Bxh6 (13... Nc6 14. Qd2
{/\ Bg7, Qh6}) 14. Rxh6 cxd4 15. cxd4 Qc8 16. Qd3 Qa6 17. Rah1 $18) 13. Rxh6
Kg7 14. Qd2 Rh8 15. Ne5 $1 Qf8 $6 (15... Qc8 $2 16. Qf4 $1 (16. Bg4 $4 Rxh6 $19
) 16... Rxh6 17. Qxf7+ Kh8 18. Qxe7 (18. Kd2 Qg8 $8 19. Qxe7 Rh2 $16) 18... Nc6
(18... Rh1+ 19. Kd2 Rxa1 20. Qf6+ $18) (18... Rh7 19. Qf6+ Rg7 (19... Kg8 20.
Bg4 $18) 20. Bg4 $18 {/\ 0-0-0}) 19. Qf6+ Kh7 20. Qf7+ Kh8 21. Nxg6+ Rxg6 22.
Qxg6 $18) (15... Qe8 $1 16. Rxh8 (16. Ng4 $6 Bxe2 17. Kxe2 Qb5+ $1 18. Kf3 Nd7
$10) 16... Qxh8 17. O-O-O $1 (17. Bxa6 Nxa6 18. O-O-O f6 $1 (18... cxd4 19.
Qxd4 f6 20. Ng4 $1 Nc5 (20... Qc8 21. e5 $16) 21. e5 $36) 19. Ng4 (19. Nc6 cxd4
(19... Qe8 20. d5 $16 {/\ Rh1}) 20. Qxd4 Qe8 21. Qd7 Nc5 22. Qxe7+ Qxe7 23.
Nxe7 Re8 24. Nc6 Rxe4 $10) 19... Qh5 $1 20. f3 cxd4 21. Qxd4 Qc5 $10) 17... f6
18. Ng4 Bxe2 (18... cxd4 19. Bxa6 $1 Nxa6 20. Qxd4 $36 {/\ e5|^}) 19. Qxe2 cxd4
20. cxd4 $1 (20. e5 f5 (20... Nc6 $2 21. exf6+ exf6 22. Qe6 $18) 21. e6 (21.
Qf3 Qc8 22. Qxa8 Qxc3+ 23. Kb1 Qb4+ $10) 21... Nc6 (21... fxg4 $2 22. Qe5+ Kg8
23. Qd5 $18) 22. Ne5 Qc8 23. Nxc6 Qxc6 24. Qe5+ Kg8 25. Rh1 Qxc3+ 26. Kb1 Qd3+
27. Ka1 $10) 20... Nc6 21. d5 Nb4 22. Kb1 $36 {/\ a3, /\ e5, /\ Ne3}) 16. Ng4
$1 $16 cxd4 17. cxd4 Bxe2 $8 18. Kxe2 Qc8 $8 {/\ Qc4} 19. Rxh8 (19. f3 $2 Qc4+
20. Kf2 Nd7 $10) 19... Qxh8 (19... Qxg4+ $2 20. Kd3 Kxh8 21. Qh6+ Kg8 22. Rh1
f6 23. Qh8+ Kf7 24. Rh7+ Ke6 25. Qc8+ Nd7 26. Qc6#) 20. Rc1 Qh5 $6 (20... Na6
$142 $16) 21. f3 Nd7 22. Qb2 $1 {/\ Rc7, d5+-} (22. Rc7 Nf6 23. Nxf6 (23. Ne5
$2 Nxe4) 23... exf6 $132) 22... f5 $138 (22... Nf6 23. d5 $18) 23. exf5 gxf5 (
23... Qxf5 24. d5+ Nf6 $8 25. Rc7 Re8 26. Rxa7 Kf8 27. Ne3 $18) 24. Qb5 $1 $18
Rd8 25. Ne3 Kg6 26. Qd5 Qg5 (26... f4 27. Rc6+ Nf6 28. Qxd8 Qb5+ 29. Nc4 $1)
27. Rc6+ Kg7 28. Rc7 1-0

[Event "Tilburg"]
[Site "Tilburg"]
[Date "1993.??.??"]
[Round "1"]
[White "Ruban, Vadim"]
[Black "Leko, Peter"]
[Result "0-1"]
[WhiteElo "2590"]
[BlackElo "2555"]
[Annotator "Leko,P"]
[PlyCount "122"]
[EventDate "1993.11.??"]
[EventType "k.o."]
[EventRounds "7"]
[EventCountry "NED"]
[SourceTitle "CBM 039"]
[Source "ChessBase"]
[SourceDate "1994.04.01"]
[SourceVersion "1"]
[SourceVersionDate "1994.04.01"]
[SourceQuality "1"]

1. d4 Nf6 2. c4 g6 3. Nc3 d5 4. cxd5 Nxd5 5. Bd2 Bg7 6. e4 Nb6 7. Be3 O-O 8. h3
f5 9. exf5 Bxf5 10. Nf3 Nc6 11. Be2 e5 12. dxe5 Qxd1+ 13. Rxd1 Nxe5 14. Nxe5
Bxe5 15. O-O Rad8 16. Bg5 Rxd1 17. Rxd1 c6 18. Bf1 Kg7 $10 19. Be3 Bf6 20. g4
$5 Be6 21. Bd4 Nd5 22. Bxf6+ Nxf6 (22... Rxf6 $6 23. Ne4 Rf8 24. g5 $14) 23.
Bg2 g5 $1 {><f4} 24. a3 h6 25. Rd4 Rf7 26. f4 gxf4 27. Rxf4 Kg6 28. Rf2 Rd7 29.
Ne2 $2 (29. Kf1 Rd3 30. Ke1 Rg3 $10) 29... Rd1+ 30. Rf1 (30. Kh2 Bxg4 $1 31.
Rxf6+ Kxf6 32. hxg4 Rd2 $17) 30... Rxf1+ 31. Bxf1 Kg5 32. Nd4 Bd7 33. Kf2 c5 $1
34. Nb3 (34. Nf3+ Kf4 $17) 34... b6 35. Ke3 (35. Nd2 $1 Kf4 36. Bg2 $15) 35...
Bc6 36. Nd2 $138 Kh4 37. Kf2 Nh7 $1 $17 38. Nf3+ (38. Bg2 Bxg2 39. Kxg2 Ng5 $17
) 38... Bxf3 39. Kxf3 Ng5+ 40. Kf4 Nxh3+ 41. Kf5 Kg3 42. b3 Ng5 43. Be2 Nf3 44.
Bd1 (44. Kg6 Kxg4 45. Kxh6 Kf4 46. Kg6 Nd4 47. Bd1 Ke3 $19) 44... Nd4+ 45. Ke4
(45. Kg6 Kf2 $1 46. Kxh6 Ke1 $19) 45... Nb5 (45... Nxb3 $2 46. Bxb3 Kxg4 47.
Be6+ Kg3 48. Bf7 $10) 46. Kf5 Nc3 47. Bc2 Nd5 48. g5 $1 $8 hxg5 (48... Ne3+ 49.
Ke4 $1) 49. Kxg5 Kf3 50. Bh7 Ke3 51. Kf5 Kd4 52. Ke6 Ne3 53. Kd6 Kc3 54. Bg8
Nc2 $1 55. a4 Kb4 $1 (55... Nd4 $2 56. Kc7 Nxb3 57. Kb7 $10) 56. Kc6 Ka5 57.
Bc4 Nd4+ 58. Kb7 a6 59. Bd5 b5 60. Kc7 Kb4 61. Kb6 Nxb3 0-1

[Event "ARM-ch 72nd"]
[Site "Yerevan"]
[Date "2012.01.15"]
[Round "5"]
[White "Grigoryan, Karen H"]
[Black "Melkumyan, Hrant"]
[Result "0-1"]
[WhiteElo "2482"]
[BlackElo "2620"]
[Annotator "Let's Check"]
[PlyCount "72"]
[EventDate "2012.01.11"]
[EventType "tourn"]
[EventRounds "11"]
[EventCountry "ARM"]
[EventCategory "13"]
[SourceTitle "CBM 147"]
[Source "ChessBase"]
[SourceDate "2012.03.16"]
[SourceVersion "1"]
[SourceVersionDate "2012.03.16"]
[SourceQuality "1"]

1. d4 Nf6 2. c4 g6 3. Nc3 d5 4. cxd5 Nxd5 5. e4 Nxc3 6. bxc3 Bg7 7. Nf3 c5 8.
Be3 Qa5 9. Qd2 Nc6 10. Rb1 a6 11. Rc1 cxd4 12. cxd4 Qxd2+ 13. Kxd2 e6 14. Bd3
O-O 15. Rc4 Rd8 16. Rhc1 Bd7 17. Bg5 f6 18. Be3 Bf8 19. e5 fxe5 20. Bg5 exd4 $1
21. Bxd8 Rxd8 22. Kd1 Ba3 23. Rb1 b5 24. Rc2 Nb4 25. Rd2 Nd5 26. Rb3 Bb4 27.
Nxd4 $6 (27. Rc2 Bc3 28. g3 $17) 27... Bxd2 $19 28. Kxd2 Nf4 29. g3 e5 30. Ne2
$2 (30. gxf4 exd4 31. Rb4 $17) 30... Be6 $19 31. Ra3 Rxd3+ 32. Rxd3 Nxd3 33.
Kxd3 Bc4+ 34. Ke3 Bxe2 35. Kxe2 Kf7 36. Kd3 Ke6 0-1

[Event "Cheliabinsk"]
[Site "Cheliabinsk"]
[Date "1993.??.??"]
[Round "?"]
[White "Kiselev, Sergey"]
[Black "Vakhidov, Tahir"]
[Result "1/2-1/2"]
[WhiteElo "2470"]
[BlackElo "2470"]
[Annotator "Lisenko"]
[PlyCount "45"]
[EventDate "1993.12.??"]
[EventType "tourn"]
[EventRounds "12"]
[EventCountry "RUS"]
[EventCategory "10"]
[SourceTitle "CBM 039"]
[Source "ChessBase"]
[SourceDate "1994.04.01"]
[SourceVersion "1"]
[SourceVersionDate "1994.04.01"]
[SourceQuality "1"]

1. d4 Nf6 2. c4 g6 3. Nc3 d5 4. cxd5 Nxd5 5. e4 Nxc3 6. bxc3 Bg7 7. Bb5+ c6 (
7... Bd7 8. a4 c6 9. Be2 c5 10. Nf3 cxd4 11. cxd4 Bc6 12. Qd3 f5 13. exf5 Qa5+
14. Bd2 Qxf5 15. Qxf5 gxf5 16. Rg1 Bd5 $10 {Ryskin,A-Mikhalevski,A /Katowice/
1993/}) 8. Ba4 b5 9. Bb3 b4 (9... O-O 10. Ne2 a5 11. O-O Nd7 12. Bg5 Nb6 13. a3
Qc7 14. Qd2 c5 15. Bh6 $14 {Kramnik,V-Kasparov,G /Paris/1992/}) 10. Ne2 (10.
Qf3 O-O 11. Ne2 bxc3 (11... a5 $1) 12. O-O Ba6 13. Bg5 Nd7 14. Rfd1 c2 15. Bxc2
c5 16. Nf4 Bxd4 17. Rab1 Ne5 18. Qg3 Qd6 $17 {Christiansen,L-Khuzman,A /Wijk
aan Zee/1993/}) (10. Be3 bxc3 11. Rc1 O-O 12. Rxc3 Ba6 13. Ne2 Nd7 $146 14. O-O
(14. e5 Qa5 15. Qd2 c5 16. f4 cxd4 17. Nxd4 Nxe5 $1 18. fxe5 Qxe5 19. Bc4 Bxc4
20. Rxc4 Qd5 $44) 14... c5 15. Bc4 cxd4 16. Bxd4 Bxc4 17. Rxc4 Nb6 18. Rc2 Rc8
$10 {Kishnev,S-Mikhalchishin,A /Lublin/1993/}) 10... bxc3 11. Be3 Ba6 (11...
O-O $5) 12. Rc1 Nd7 13. e5 e6 $146 (13... Qa5 14. Qc2 $6 (14. e6 $1 fxe6 15.
Bxe6 $13) 14... c5 15. Qe4 O-O 16. Bxf7+ Kh8 17. Nf4 Rxf7 18. Qxa8+ Rf8 19. Qd5
Qb5 20. Qb3 cxd4 $1 $19 {Georgadze,G-Adorjan,A /Debrecen/1992/}) 14. Nxc3 c5
15. f4 $1 (15. Ne4 cxd4 16. Nd6+ Kf8 17. Bxd4 Nxe5 $17) 15... O-O 16. dxc5 (16.
h4) 16... g5 $5 17. Qd6 gxf4 18. Bxf4 Rc8 $1 19. Ne4 (19. Qxa6 $2 Nxc5 20. Qf1
Nd3+ 21. Ke2 Nxc1+ 22. Qxc1 Qd4 $1 $17) 19... Bb5 20. Bg5 (20. c6 $2 Qh4+ 21.
g3 Qh5 $1 $40) 20... Qa5+ 21. Bd2 Qd8 22. Bg5 Qa5+ 23. Bd2 1/2-1/2

[Event "EU-ch 12th"]
[Site "Aix les Bains"]
[Date "2011.03.26"]
[Round "5"]
[White "Nyback, Tomi"]
[Black "Kovchan, Alexander"]
[Result "0-1"]
[WhiteElo "2656"]
[BlackElo "2563"]
[Annotator "Marchand,A/Primel,D"]
[PlyCount "84"]
[EventDate "2011.03.22"]
[EventType "swiss"]
[EventRounds "11"]
[EventCountry "FRA"]
[SourceTitle "CBM 142 Extra"]
[Source "ChessBase"]
[SourceDate "2011.06.27"]
[SourceVersion "1"]
[SourceVersionDate "2011.06.27"]
[SourceQuality "1"]
[TimeControl "40/5400+30:1800+30"]

1. d4 Nf6 2. c4 g6 3. Nc3 d5 4. cxd5 Nxd5 5. e4 (5. Bd2) (5. Na4 Bg7 6. e4 Nb6
7. Nf3 O-O 8. Be2 Bg4 9. Be3 Nc6 10. d5 Bxf3 11. gxf3 Ne5 (11... Nb8 12. Qb3
Nxa4 13. Qxa4 c6 14. O-O-O $13)) 5... Nxc3 6. bxc3 Bg7 7. Bg5 (7. Nf3) (7. Bc4)
7... c5 8. Rc1 O-O 9. Nf3 (9. d5 f5 $132) 9... Bg4 10. d5 Qd6 {Continuant de
suivre la partie de référence Nyback-Svidler 2009} (10... f5 $5) 11. Be2 (11.
Qb3 $5 {[%csl Rb7]} Bxf3 12. gxf3 b6 13. f4 $14) 11... Nd7 12. O-O (12. h3 {
Nyback,T (2628)-Svidler,P (2754) World Cup Khanty-Mansiysk 2009 (2.4) 1/2})
12... Bxf3 13. Bxf3 b5 $132 {[%csl Gb5,Gc5]} 14. Be2 c4 15. f4 f6 $146 {
Tentative d'amélioration sur une partie de l'adversaire jouée l'année
précédente} (15... Nc5 16. Qc2 e6 17. Rcd1 exd5 18. Rxd5 Qb6 19. Kh1 Rae8 20.
e5 f6 21. Bh4 Qc6 22. Bf3 fxe5 23. Rxe5 Qb6 24. Rxe8 Rxe8 25. f5 Qd6 26. Qb1
Rf8 27. Qxb5 Qd3 28. Rd1 Qxf5 29. Qxc4+ Kh8 30. Be7 {Nyback,T (2635)-Kulaots,K
(2592)/Finland 2010/Mega2011 Update 05/1-0}) (15... Nb6 $5 {Avrukh GM 9} 16.
Qc2 f5) 16. Bh4 Nc5 {[%csl Gc5][%cal Gc5d3,Gc5e4]} 17. Qd4 e5 $1 18. dxe6 Qxd4+
19. cxd4 Nxe6 20. Rxc4 $5 (20. d5) 20... f5 (20... bxc4 $143 21. Bxc4 Kf7 22.
f5 $40 {[%cal Gc4f7]}) 21. e5 {[%csl Rg7][%cal Gd4d5]} (21. Rb4 Nxd4 22. Bxb5
Nxb5 23. Rxb5 fxe4 $11) 21... bxc4 22. Bxc4 Rfe8 {[%cal Gg8f8]} 23. d5 $13 {
[%csl Gd5,Ge5]} g5 $1 24. fxg5 Nc5 $17 25. d6+ Kh8 26. e6 Rad8 27. Rd1 Rxe6 28.
Bxe6 Nxe6 29. Bf2 Rd7 30. h4 Kg8 31. Rd5 f4 32. Kf1 Bf8 33. Ra5 Rxd6 34. Rxa7
Rd2 35. Ra8 Kf7 36. a4 Bc5 37. Bxc5 Nxc5 38. a5 Ne4 39. a6 Ng3+ 40. Ke1 Rxg2
41. Rd8 f3 42. Rd2 Ne4 0-1